History Quiz

Random History or Nation Quiz

Historical Countries by Native Name Quiz Stats

 Plays Quiz not verified by Sporcle

Score 0/20 Timer 10:00
0 Plays Today
% Correct
Kingdom of Hawaii
93.8%
Orange Free State
92.8%
Kingdom of Prussia
92.5%
Irish Free State
87.9%
Empire of Manchukuo
87.6%
Ryukyu Kingdom
87%
Ottoman Empire
87%
Byzantine Empire
86.3%
Sikh Empire
84%
Malacca Sultanate
83.1%
% Correct
Papal States
82.7%
Aztec Triple Alliance
80.8%
Sultanate of Bengal
78.2%
Dali Kingdom
74.6%
Kingdom of Navarre
72.6%
Kingdom of Hejaz
72%
Sasanian Empire
64.8%
Inca Empire
62.9%
Crimean Khanate
62.5%
Kingdom of Mysore
59.3%

You're not logged in!

Compare scores with friends on all Sporcle quizzes.
OR
Log In

You Might Also Like...

Show Comments

Extras

Top Quizzes Today


Score Distribution

Your Account Isn't Verified!

In order to create a playlist on Sporcle, you need to verify the email address you used during registration. Go to your Sporcle Settings to finish the process.

Report this User

Report this user for behavior that violates our Community Guidelines.

Details: